| 000 | 00498nam a2200205 a 4500 | ||
|---|---|---|---|
| 999 |
_c4192 _d4192 |
||
| 001 | 4192 | ||
| 003 | BD-JhCC | ||
| 005 | 20171123203234.0 | ||
| 008 | 171123s1958 uk |||| |||| 000 0 eng d | ||
| 035 | _a(BD-JhCC) | ||
| 040 |
_aBD-JhCC _dBD-JhCC |
||
| 041 | _aeng | ||
| 082 |
_a823.914 _bTHO 1958 |
||
| 100 | _aThornley, G. C | ||
| 245 |
_aWho Did It first? / _cG. C. Thornley |
||
| 260 |
_aLondon : _bLongman; _c1958 |
||
| 300 |
_a80 p.; _c16 cm |
||
| 650 | _aChildren's Stories | ||
| 942 |
_2ddc _cBK |
||